The Curshed Snake (Record no. 836162)

MARC details
000 -LEADER
fixed length control field 00411nam a2200169Ia 4500
008 - FIXED-LENGTH DATA ELEMENTS--GENERAL INFORMATION
fixed length control field 110201s9999 xx 000 0 und d
082 ## - DEWEY DECIMAL CLASSIFICATION NUMBER
Item number B10765
Classification number BAL 2542
100 ## - MAIN ENTRY--PERSONAL NAME
Personal name Bhanat T. R.
245 ## - TITLE STATEMENT
Title The Curshed Snake
260 ## - PUBLICATION, DISTRIBUTION, ETC. (IMPRINT)
Name of publisher, distributor, etc Dreamland Publications
365 ## - TRADE PRICE
Price amount 10
600 ## - SUBJECT ADDED ENTRY--PERSONAL NAME
Personal name Bhanat T. R.
630 ## - SUBJECT ADDED ENTRY--UNIFORM TITLE
Uniform title The Curshed Snake
700 ## - ADDED ENTRY--PERSONAL NAME
Personal name Bhanat T. R.
730 ## - ADDED ENTRY--UNIFORM TITLE
Uniform title The Curshed Snake
942 ## - ADDED ENTRY ELEMENTS (KOHA)
Koha item type Book
Holdings
Withdrawn status Lost status Damaged status Not for loan Home library Current library Date acquired Cost, normal purchase price Total Checkouts Barcode Date last seen Cost, replacement price Price effective from Koha item type
        Prof.Manikrao Kirtane Vachanalaya, Vashi, Navi Mumbai Prof.Manikrao Kirtane Vachanalaya, Vashi, Navi Mumbai 02/01/2011 10.00   PMKV-B10765 02/01/2011 10.00 02/01/2011 Book